000 00248nam a22001097a 4500
082 _a003.74 SCH
100 _aFRIEDLAND, B,SCHWARZ, R. J
_978564
245 _aLINEAR SYSTEMS
260 _aNEWYORK
_bMCGRAW HILL
_c1965
300 _a521P
942 _cBK
999 _c583672
_d583672